000 00246nam a2200097Ia 4500
005 20250424112918.0
008 250424s9999 xx 000 0 und d
300 _a18 p. :ill. ; 29 cm.
650 _aBridging the trust gap in governance
942 _cSR
999 _c37834
_d37834